|
|
|
|
| LEADER |
00830nab#a2200301#ar4500 |
| 001 |
000034331 |
| 003 |
SVKKK |
| 005 |
00000000000000.0 |
| 008 |
c xo e sloo |
| FMT |
|
|
|
| 038 |
|
|
|a SVKKK
|
| 040 |
|
|
|a SVKKK
|b slo
|e AACR2
|
| 041 |
0 |
|
|a slo
|
| 044 |
|
|
|a xo
|c SK
|
| 080 |
|
|
|a 745/74
|2 1981
|
| 100 |
1 |
|
|a Saturyová, Adriana
|4 aut
|
| 245 |
1 |
0 |
|a Európske ľudové remeslo 2000 - 10. ročník
|c Saturyová Adriana,
|
| 650 |
0 |
4 |
|a Európske ľudové remeslo 2000 (názov podujatia), Kežmarok
|
| 650 |
0 |
4 |
|a festival medzinárodný
|x účastníci
|x informácie
|
| 650 |
0 |
4 |
|a remeslá ľudové
|
| 773 |
0 |
|
|t Slovenská republika
|g Roč. 8, č. 152(2000), dát. 0703, s. 13
|
| 957 |
|
|
|a Kežmarok
|
| 958 |
|
|
|a KK
|
| 974 |
|
|
|d 000712
|a SAB
|
| 992 |
|
|
|a RBX
|
| BAS |
|
|
|
| 852 |
|
|
|a SVKKK
|b BIB
|
| 998 |
|
|
|a REG
|